000 00421nam a2200181Ia 4500
005 20240823005559.0
008 240823s9999||||xx |||||||||||||| ||und||
041 _aENGLISH
082 _A621.3 N8
100 _aBasava raj B
245 0 _aDIGITAL Fundamentals
250 _a1st
260 _c1998
_b"Vikas,New Delhi"
500 _aTRANSFERED
650 _aDigital
_bInstrumentation
942 _cBK
999 _c156124
_d156124